Zabezpečenie vzdelávania na Katedre marketingu a obchodu v súčasnosti s určením poslania, vízie, hlavných cieľov, stratégií a plánov pre PHF na 2011-2015
Vyučované predmety na Katedre marketingu a obchodu Podnikovohospodárskej fakulty Ekonomickej univerzity v Bratislave so sídlom v Košiciach. Pedagogická činnosť Katedry marketingu a obchodu - súčasný stav. Možnosti ďalšieho smerovania a skvalitňovania Katedry marketingu a obchodu v oblasti vzdelávani...
Enregistré dans:
| Auteur principal: | |
|---|---|
| Autres auteurs: | |
| Format: | Chapitre de livre |
| Langue: | slovaque |
| Sujets: | |
| Tags: |
Pas de tags, Soyez le premier à ajouter un tag!
|
MARC
| LEADER | 00000naa$a2200000$$$4500 | ||
|---|---|---|---|
| 001 | 0146895 | ||
| 005 | 20240605093948.7 | ||
| 041 | 0 | |a slo | |
| 044 | |a UA | ||
| 245 | 1 | 0 | |a Zabezpečenie vzdelávania na Katedre marketingu a obchodu v súčasnosti s určením poslania, vízie, hlavných cieľov, stratégií a plánov pre PHF na 2011-2015 |c Jozef Gajdoš, Jana Naščáková |
| 520 | |a Vyučované predmety na Katedre marketingu a obchodu Podnikovohospodárskej fakulty Ekonomickej univerzity v Bratislave so sídlom v Košiciach. Pedagogická činnosť Katedry marketingu a obchodu - súčasný stav. Možnosti ďalšieho smerovania a skvalitňovania Katedry marketingu a obchodu v oblasti vzdelávania. | ||
| 610 | 2 | 0 | |a vzdelávanie vysokoškolské |
| 610 | 2 | 0 | |a univerzity |
| 610 | 2 | 0 | |a predmety učebné |
| 610 | 2 | 0 | |a marketing |
| 610 | 2 | 0 | |a obchod |
| 610 | 2 | 0 | |a učitelia |
| 100 | 1 | |a Gajdoš, Jozef, 1962-2025 | |
| 700 | 1 | |a Naščáková, Jana | |